[Event "CECLUB Segunda División"]
[Site "Linares"]
[Date "2017.08.09"]
[Round "2"]
[White "Ramirez Diaz, Jose Ramon"]
[Black "Gutierrez Olivares, Daniel"]
[Result "0-1"]
[Board "4"]
[WhiteElo "2167"]
[WhiteCountry "ESP"]
[WhiteFideId "2268914"]
[WhiteEloChange "-5"]
[BlackTitle "FM"]
[BlackElo "2349"]
[BlackCountry "ESP"]
[BlackFideId "2264005"]
[BlackEloChange "5"]

1. e4 {[%clk 1:30:46]} e6 {[%clk 1:30:52]} 2. d3 {[%clk 1:31:07]} d5 {[%clk
1:30:42]} 3. Nd2 {[%clk 1:31:31]} Nf6 {[%clk 1:30:53]} 4. Ngf3 {[%clk 1:31:52]}
Be7 {[%clk 1:31:03]} 5. g3 {[%clk 1:31:38]} O-O {[%clk 1:31:11]} 6. Bg2 {[%clk
1:32:00]} a5 {[%clk 1:31:14]} 7. O-O {[%clk 1:31:09]} a4 {[%clk 1:31:13]} 8. c3
{[%clk 1:27:36]} c5 {[%clk 1:26:34]} 9. Re1 {[%clk 1:26:30]} Nc6 {[%clk 1:26:27]}
10. e5 {[%clk 1:24:33]} Nd7 {[%clk 1:26:06]} 11. Nf1 {[%clk 1:24:15]} b5 {[%clk
1:25:58]} 12. c4 {[%clk 1:20:47]} Nb6 {[%clk 1:19:22]} 13. cxb5 {[%clk 1:13:54]}
Na7 {[%clk 1:19:28]} 14. h4 {[%clk 1:12:29]} Nxb5 {[%clk 1:19:10]} 15. N1h2
{[%clk 0:52:08]} a3 {[%clk 1:17:16]} 16. bxa3 {[%clk 0:51:41]} Bd7 {[%clk
1:09:24]} 17. Ng4 {[%clk 0:34:24]} Nxa3 {[%clk 1:01:39]} 18. Bg5 {[%clk 0:30:36]}
Ba4 {[%clk 1:00:57]} 19. Qd2 {[%clk 0:26:22]} Nc2 {[%clk 1:00:47]} 20. Bf6 {[%clk
0:26:05]} Nd7 {[%clk 0:54:50]} 21. Bxg7 {[%clk 0:24:35]} Kxg7 {[%clk 0:54:39]}
22. Qh6+ {[%clk 0:24:49]} Kh8 {[%clk 0:54:45]} 23. Ng5 {[%clk 0:23:56]} Bxg5
{[%clk 0:54:33]} 24. hxg5 {[%clk 0:23:45]} Rg8 {[%clk 0:52:27]} 25. f4 {[%clk
0:22:22]} Nxe1 {[%clk 0:50:01]} 26. Rxe1 {[%clk 0:22:44]} Bc2 {[%clk 0:48:22]}
27. Bf1 {[%clk 0:17:19]} Rxa2 {[%clk 0:44:25]} 28. Nf6 {[%clk 0:13:33]} Nxf6
{[%clk 0:43:24]} 29. exf6 {[%clk 0:13:56]} c4 {[%clk 0:35:32]} 30. Re2 {[%clk
0:09:08]} Bb1 {[%clk 0:35:16]} 31. Re1 {[%clk 0:05:28]} Bxd3 {[%clk 0:34:07]} 32.
g4 {[%clk 0:05:06]} Qb6+ {[%clk 0:33:29]} 33. Kh1 {[%clk 0:05:24]} Qf2 {[%clk
0:33:06]} 0-1

[Event "CECLUB Segunda División"]
[Site "Linares"]
[Date "2017.08.09"]
[Round "2"]
[White "Escudero Manzano, Alejandro"]
[Black "Valles Moreno, Ivan"]
[Result "1/2-1/2"]
[Board "1"]
[WhiteElo "2207"]
[WhiteCountry "ESP"]
[WhiteFideId "2238004"]
[WhiteEloChange "6"]
[BlackTitle "IM"]
[BlackElo "2435"]
[BlackCountry "ESP"]
[BlackFideId "2205688"]
[BlackEloChange "-3"]

1. e4 {[%clk 1:30:48]} e5 {[%clk 1:27:26]} 2. Nf3 {[%clk 1:31:09]} Nc6 {[%clk
1:27:48]} 3. Bc4 {[%clk 1:31:23]} Nf6 {[%clk 1:28:03]} 4. d3 {[%clk 1:31:27]} Be7
{[%clk 1:27:59]} 5. c3 {[%clk 1:30:44]} O-O {[%clk 1:26:41]} 6. O-O {[%clk
1:29:36]} d6 {[%clk 1:24:30]} 7. Bb3 {[%clk 1:26:43]} Na5 {[%clk 1:17:42]} 8. Bc2
{[%clk 1:26:12]} c5 {[%clk 1:18:05]} 9. Re1 {[%clk 1:22:09]} Nc6 {[%clk 1:12:17]}
10. h3 {[%clk 1:14:35]} Re8 {[%clk 1:11:24]} 11. d4 {[%clk 1:03:41]} Qc7 {[%clk
1:06:24]} 12. d5 {[%clk 0:52:20]} Na5 {[%clk 1:06:32]} 13. Nbd2 {[%clk 0:50:40]}
g6 {[%clk 0:54:04]} 14. Nf1 {[%clk 0:42:45]} Nh5 {[%clk 0:52:06]} 15. g4 {[%clk
0:29:54]} Ng7 {[%clk 0:37:41]} 16. Bh6 {[%clk 0:29:31]} b5 {[%clk 0:37:52]} 17.
a4 {[%clk 0:23:55]} b4 {[%clk 0:37:05]} 18. cxb4 {[%clk 0:22:44]} cxb4 {[%clk
0:35:13]} 19. Bd3 {[%clk 0:21:26]} Bd7 {[%clk 0:33:46]} 20. N1d2 {[%clk 0:14:43]}
Rec8 {[%clk 0:27:11]} 21. Qe2 {[%clk 0:14:23]} Qd8 {[%clk 0:27:09]} 22. Rec1
{[%clk 0:06:12]} Rxc1+ {[%clk 0:15:15]} 23. Rxc1 {[%clk 0:06:37]} Rc8 {[%clk
0:15:39]} 24. Ra1 {[%clk 0:03:40]} Rc7 {[%clk 0:10:50]} 25. Kh2 {[%clk 0:03:43]}
Ne8 {[%clk 0:10:08]} 26. Bb5 {[%clk 0:03:26]} Rc2 {[%clk 0:04:03]} 27. Bxd7
{[%clk 0:03:51]} Qxd7 {[%clk 0:04:29]} 28. Qb5 {[%clk 0:04:03]} Qxb5 {[%clk
0:04:33]} 29. axb5 {[%clk 0:04:28]} Bd8 {[%clk 0:04:59]} 30. b3 {[%clk 0:03:15]}
Bb6 {[%clk 0:04:53]} 31. Ra4 {[%clk 0:03:15]} Nc7 {[%clk 0:03:33]} 32. Kg2 {[%clk
0:00:43]} Nxb5 {[%clk 0:01:51]} 33. Rxb4 {[%clk 0:01:09]} Nc3 {[%clk 0:01:37]}
34. Ne1 {[%clk 0:01:03]} Ra2 {[%clk 0:01:21]} 35. Nd3 {[%clk 0:01:02]} f6 {[%clk
0:00:52]} 36. h4 {[%clk 0:00:59]} Nd1 {[%clk 0:00:47]} 37. Nc4 {[%clk 0:00:32]}
Nxc4 {[%clk 0:01:06]} 38. Rxc4 {[%clk 0:00:58]} Nxf2 {[%clk 0:01:08]} 39. Nb4
{[%clk 0:00:46]} Rb2 {[%clk 0:01:09]} 40. Rc8+ {[%clk 0:01:02]} Kf7 {[%clk
0:01:21]} 41. Rf8+ {[%clk 0:01:15]} Ke7 {[%clk 0:01:46]} 42. Nc6+ {[%clk
0:01:38]} Kd7 {[%clk 0:02:10]} 43. Rf7+ {[%clk 0:01:34]} Kc8 {[%clk 0:02:34]} 44.
Rxh7 {[%clk 0:00:46]} Nxe4+ {[%clk 0:01:04]} 45. Kf3 {[%clk 0:00:46]} f5 {[%clk
0:01:04]} 46. gxf5 {[%clk 0:00:46]} gxf5 {[%clk 0:01:04]} 47. Ne7+ {[%clk
0:00:46]} Kb7 {[%clk 0:01:04]} 48. Nxf5+ {[%clk 0:00:46]} Kc8 {[%clk 0:01:04]}
49. Ne7+ {[%clk 0:00:46]} 1/2-1/2

[Event "CECLUB Segunda División"]
[Site "Linares"]
[Date "2017.08.09"]
[Round "2"]
[White "Perez Gonzalez, Jose Manuel"]
[Black "Escudero Manzano, Sergio"]
[Result "1-0"]
[Board "2"]
[WhiteTitle "FM"]
[WhiteElo "2314"]
[WhiteCountry "ESP"]
[WhiteFideId "2229277"]
[WhiteEloChange "8"]
[BlackTitle "FM"]
[BlackElo "2234"]
[BlackCountry "ESP"]
[BlackFideId "22259392"]
[BlackEloChange "-8"]

1. e4 {[%clk 1:30:57]} c5 {[%clk 1:30:22]} 2. Nc3 {[%clk 1:31:04]} Nc6 {[%clk
1:28:53]} 3. Nf3 {[%clk 1:31:17]} e6 {[%clk 1:28:09]} 4. d4 {[%clk 1:31:31]} cxd4
{[%clk 1:27:11]} 5. Nxd4 {[%clk 1:31:56]} Qc7 {[%clk 1:26:00]} 6. Be3 {[%clk
1:31:48]} a6 {[%clk 1:24:26]} 7. Qd2 {[%clk 1:32:03]} Nf6 {[%clk 1:22:17]} 8.
O-O-O {[%clk 1:32:13]} Bb4 {[%clk 1:18:48]} 9. f3 {[%clk 1:29:56]} Ne5 {[%clk
1:17:10]} 10. Nb3 {[%clk 1:30:00]} b5 {[%clk 1:16:34]} 11. Qe1 {[%clk 1:28:17]}
Bxc3 {[%clk 0:55:04]} 12. Qxc3 {[%clk 1:28:38]} Qxc3 {[%clk 0:53:30]} 13. bxc3
{[%clk 1:29:03]} O-O {[%clk 0:34:22]} 14. Bc5 {[%clk 1:21:45]} Rd8 {[%clk
0:33:37]} 15. Be7 {[%clk 1:17:09]} Re8 {[%clk 0:33:22]} 16. Bd6 {[%clk 1:17:30]}
Nc6 {[%clk 0:32:02]} 17. c4 {[%clk 1:17:37]} bxc4 {[%clk 0:23:36]} 18. Bxc4
{[%clk 1:17:59]} Rd8 {[%clk 0:23:17]} 19. Bc7 {[%clk 1:12:36]} Rf8 {[%clk
0:22:17]} 20. Bd6 {[%clk 1:02:56]} Rd8 {[%clk 0:22:30]} 21. Rd2 {[%clk 1:00:59]}
Ne8 {[%clk 0:20:01]} 22. Bg3 {[%clk 0:59:17]} Kf8 {[%clk 0:17:57]} 23. Rhd1
{[%clk 0:58:00]} Ke7 {[%clk 0:16:27]} 24. e5 {[%clk 0:57:02]} f6 {[%clk 0:15:28]}
25. f4 {[%clk 0:57:13]} d5 {[%clk 0:12:28]} 26. exd6+ {[%clk 0:57:31]} Nxd6
{[%clk 0:08:57]} 27. Be2 {[%clk 0:56:40]} Nb4 {[%clk 0:08:02]} 28. Bf2 {[%clk
0:51:34]} Nd5 {[%clk 0:07:20]} 29. Bc5 {[%clk 0:50:19]} Kf7 {[%clk 0:04:31]} 30.
Bxd6 {[%clk 0:49:35]} Rxd6 {[%clk 0:03:41]} 31. Bf3 {[%clk 0:48:55]} Ra7 {[%clk
0:02:55]} 32. f5 {[%clk 0:48:10]} Rad7 {[%clk 0:01:38]} 33. fxe6+ {[%clk
0:48:16]} 1-0

[Event "CECLUB Segunda División"]
[Site "Linares"]
[Date "2017.08.09"]
[Round "2"]
[White "Sanchez Jerez, Emilio Miguel"]
[Black "Martin Rueda, Daniel"]
[Result "1/2-1/2"]
[Board "3"]
[WhiteTitle "FM"]
[WhiteElo "2146"]
[WhiteCountry "ESP"]
[WhiteFideId "2256088"]
[WhiteEloChange "4"]
[BlackTitle "FM"]
[BlackElo "2310"]
[BlackCountry "ESP"]
[BlackFideId "2226847"]
[BlackEloChange "-4"]

1. e4 {[%clk 1:30:51]} c5 {[%clk 1:30:39]} 2. Nf3 {[%clk 1:31:00]} d6 {[%clk
1:30:03]} 3. d4 {[%clk 1:31:21]} cxd4 {[%clk 1:30:25]} 4. Nxd4 {[%clk 1:31:46]}
Nf6 {[%clk 1:30:39]} 5. Nc3 {[%clk 1:32:07]} e6 {[%clk 1:30:42]} 6. g3 {[%clk
1:31:59]} Be7 {[%clk 1:26:52]} 7. Bg2 {[%clk 1:32:16]} O-O {[%clk 1:27:13]} 8.
O-O {[%clk 1:32:40]} a6 {[%clk 1:27:36]} 9. a4 {[%clk 1:32:54]} Nc6 {[%clk
1:25:56]} 10. Nxc6 {[%clk 1:28:12]} bxc6 {[%clk 1:26:21]} 11. e5 {[%clk 1:28:37]}
dxe5 {[%clk 1:18:25]} 12. Bxc6 {[%clk 1:25:49]} Rb8 {[%clk 1:15:43]} 13. Qxd8
{[%clk 1:15:28]} Rxd8 {[%clk 1:15:20]} 14. Rd1 {[%clk 1:15:02]} Rxd1+ {[%clk
1:06:37]} 15. Nxd1 {[%clk 1:15:27]} Nd5 {[%clk 1:06:44]} 16. Ne3 {[%clk 1:04:49]}
Nxe3 {[%clk 1:04:50]} 17. fxe3 {[%clk 1:04:37]} f5 {[%clk 0:54:45]} 18. a5 {[%clk
0:56:53]} Kf7 {[%clk 0:41:27]} 19. b3 {[%clk 0:49:13]} Bb7 {[%clk 0:36:35]} 20.
Bxb7 {[%clk 0:49:25]} Rxb7 {[%clk 0:37:01]} 21. Kf2 {[%clk 0:45:28]} Rc7 {[%clk
0:33:17]} 22. Ra2 {[%clk 0:43:44]} e4 {[%clk 0:29:28]} 23. Ke2 {[%clk 0:39:44]}
h5 {[%clk 0:29:17]} 24. Bd2 {[%clk 0:35:48]} Ke8 {[%clk 0:22:34]} 25. c4 {[%clk
0:33:46]} Bf6 {[%clk 0:18:34]} 26. Ra4 {[%clk 0:24:06]} Rb7 {[%clk 0:17:30]} 27.
Rb4 {[%clk 0:19:20]} Rxb4 {[%clk 0:16:41]} 28. Bxb4 {[%clk 0:19:47]} g5 {[%clk
0:16:38]} 29. Bc5 {[%clk 0:11:38]} Kd7 {[%clk 0:16:22]} 30. Bd4 {[%clk 0:11:21]}
e5 {[%clk 0:13:43]} 31. Bc3 {[%clk 0:11:14]} g4 {[%clk 0:13:22]} 32. b4 {[%clk
0:10:40]} Kc6 {[%clk 0:13:46]} 33. Be1 {[%clk 0:09:46]} Bg5 {[%clk 0:12:47]} 34.
Bc3 {[%clk 0:10:05]} Be7 {[%clk 0:10:14]} 35. Kd1 {[%clk 0:09:10]} Bg5 {[%clk
0:10:27]} 36. Ke2 {[%clk 0:07:11]} Be7 {[%clk 0:10:43]} 37. Kd2 {[%clk 0:07:11]}
Bd6 {[%clk 0:11:02]} 38. Ke2 {[%clk 0:04:44]} f4 {[%clk 0:11:19]} 39. Bd2 {[%clk
0:03:08]} f3+ {[%clk 0:11:45]} 40. Kf2 {[%clk 0:03:24]} Be7 {[%clk 0:11:50]} 41.
Bc3 {[%clk 0:03:36]} h4 {[%clk 0:12:03]} 42. Be1 {[%clk 0:03:26]} h3 {[%clk
0:10:45]} 43. Bc3 {[%clk 0:03:50]} Bd6 {[%clk 0:09:15]} 44. Be1 {[%clk 0:04:10]}
Bb8 {[%clk 0:07:48]} 45. Bc3 {[%clk 0:04:16]} Bc7 {[%clk 0:07:54]} 46. Kf1 {[%clk
0:03:32]} Bb8 {[%clk 0:05:09]} 47. Kf2 {[%clk 0:03:55]} Bd6 {[%clk 0:04:19]} 48.
Kf1 {[%clk 0:04:09]} Bb8 {[%clk 0:03:41]} 49. Kf2 {[%clk 0:04:26]} Bc7 {[%clk
0:03:48]} 50. Kf1 {[%clk 0:04:48]} Bd6 {[%clk 0:03:04]} 51. Kf2 {[%clk 0:05:11]}
Bb8 {[%clk 0:03:27]} 52. Kf1 {[%clk 0:05:36]} 1/2-1/2

[Event "CECLUB Segunda División"]
[Site "Linares"]
[Date "2017.08.09"]
[Round "2"]
[White "Paredes Sanchez, Juan"]
[Black "Gil Quilez, Sonia"]
[Result "1/2-1/2"]
[Board "4"]
[WhiteElo "2169"]
[WhiteCountry "ESP"]
[WhiteFideId "2253500"]
[WhiteEloChange "-3"]
[BlackTitle "WFM"]
[BlackElo "2057"]
[BlackCountry "ESP"]
[BlackFideId "2263980"]
[BlackEloChange "3"]

1. e4 {[%clk 1:25:35]} c6 {[%clk 1:30:31]} 2. d4 {[%clk 1:25:38]} d5 {[%clk
1:30:49]} 3. Nc3 {[%clk 1:25:52]} dxe4 {[%clk 1:30:47]} 4. Nxe4 {[%clk 1:26:19]}
Bf5 {[%clk 1:30:52]} 5. Ng3 {[%clk 1:26:19]} Bg6 {[%clk 1:31:03]} 6. Nh3 {[%clk
1:25:20]} h6 {[%clk 1:28:55]} 7. Nf4 {[%clk 1:23:55]} Bh7 {[%clk 1:29:08]} 8. Bc4
{[%clk 1:22:14]} Nf6 {[%clk 1:25:48]} 9. O-O {[%clk 1:20:49]} Nd5 {[%clk
1:08:39]} 10. Qh5 {[%clk 1:05:55]} g5 {[%clk 1:00:17]} 11. Ne6 {[%clk 0:45:02]}
Qd6 {[%clk 0:59:36]} 12. Bxd5 {[%clk 0:36:20]} cxd5 {[%clk 0:58:15]} 13. Nxf8
{[%clk 0:36:12]} Kxf8 {[%clk 0:52:45]} 14. f4 {[%clk 0:21:21]} Bxc2 {[%clk
0:40:13]} 15. fxg5 {[%clk 0:21:29]} Bg6 {[%clk 0:40:36]} 16. Qh3 {[%clk 0:15:23]}
Qd7 {[%clk 0:35:55]} 17. Nf5 {[%clk 0:12:59]} h5 {[%clk 0:31:17]} 18. Bd2 {[%clk
0:10:07]} Nc6 {[%clk 0:28:54]} 19. Rae1 {[%clk 0:08:47]} Rd8 {[%clk 0:25:35]} 20.
Nxe7 {[%clk 0:05:29]} Nxe7 {[%clk 0:20:19]} 21. Bb4 {[%clk 0:05:40]} Be4 {[%clk
0:19:32]} 22. g6 {[%clk 0:03:49]} Qxh3 {[%clk 0:15:51]} 23. gxh3 {[%clk 0:04:07]}
f5 {[%clk 0:12:32]} 24. g7+ {[%clk 0:03:20]} Kxg7 {[%clk 0:11:32]} 25. Bxe7
{[%clk 0:03:48]} Rdg8 {[%clk 0:09:40]} 26. h4 {[%clk 0:03:05]} Kf7+ {[%clk
0:09:24]} 27. Bg5 {[%clk 0:03:32]} Rc8 {[%clk 0:09:36]} 28. Rc1 {[%clk 0:03:04]}
Ke6 {[%clk 0:09:35]} 29. Kf2 {[%clk 0:02:50]} Rhg8 {[%clk 0:04:35]} 30. Rxc8
{[%clk 0:02:17]} Rxc8 {[%clk 0:02:16]} 31. Rc1 {[%clk 0:02:46]} Rxc1 {[%clk
0:02:37]} 32. Bxc1 {[%clk 0:03:11]} 1/2-1/2

[Event "CECLUB Segunda División"]
[Site "Linares"]
[Date "2017.08.09"]
[Round "2"]
[White "Suarez Gomez, Julio"]
[Black "Fidalgo Fernandez, Javier"]
[Result "1-0"]
[Board "1"]
[WhiteTitle "FM"]
[WhiteElo "2474"]
[WhiteCountry "ESP"]
[WhiteFideId "22275991"]
[WhiteEloChange "3"]
[BlackTitle "FM"]
[BlackElo "2312"]
[BlackCountry "ESP"]
[BlackFideId "2263645"]
[BlackEloChange "-6"]

1. d4 {[%clk 1:30:51]} d5 {[%clk 1:30:54]} 2. c4 {[%clk 1:31:06]} e6 {[%clk
1:30:39]} 3. Nc3 {[%clk 1:31:18]} Nf6 {[%clk 1:31:02]} 4. cxd5 {[%clk 1:31:30]}
exd5 {[%clk 1:30:22]} 5. Bg5 {[%clk 1:31:47]} Be7 {[%clk 1:30:31]} 6. e3 {[%clk
1:32:08]} c6 {[%clk 1:30:39]} 7. Qc2 {[%clk 1:31:13]} Nbd7 {[%clk 1:30:10]} 8.
Bd3 {[%clk 1:31:33]} Nh5 {[%clk 1:29:59]} 9. Bxe7 {[%clk 1:31:38]} Qxe7 {[%clk
1:30:24]} 10. Nge2 {[%clk 1:31:49]} g6 {[%clk 1:29:06]} 11. O-O {[%clk 1:22:25]}
O-O {[%clk 1:28:03]} 12. Rad1 {[%clk 1:14:14]} Ndf6 {[%clk 1:27:06]} 13. Rfe1
{[%clk 1:11:09]} Bg4 {[%clk 1:22:29]} 14. h3 {[%clk 1:10:51]} Bxe2 {[%clk
1:22:53]} 15. Rxe2 {[%clk 1:06:59]} Rfe8 {[%clk 1:23:01]} 16. Ree1 {[%clk
1:03:51]} Ng7 {[%clk 1:19:21]} 17. f3 {[%clk 0:59:13]} Ne6 {[%clk 1:19:26]} 18.
Qf2 {[%clk 0:59:03]} c5 {[%clk 1:16:30]} 19. Bb5 {[%clk 0:48:49]} Red8 {[%clk
1:15:56]} 20. Qh4 {[%clk 0:48:47]} a6 {[%clk 1:14:03]} 21. Bf1 {[%clk 0:48:58]}
Kg7 {[%clk 1:11:25]} 22. Ne2 {[%clk 0:44:33]} Rac8 {[%clk 1:07:33]} 23. dxc5
{[%clk 0:44:08]} Rxc5 {[%clk 1:06:32]} 24. Nd4 {[%clk 0:44:17]} Ng8 {[%clk
0:59:19]} 25. Qf2 {[%clk 0:40:48]} Rdc8 {[%clk 0:57:52]} 26. e4 {[%clk 0:38:21]}
Qf6 {[%clk 0:47:01]} 27. b4 {[%clk 0:34:21]} R5c7 {[%clk 0:43:54]} 28. Nxe6+
{[%clk 0:32:42]} Qxe6 {[%clk 0:43:05]} 29. Rxd5 {[%clk 0:32:17]} Ne7 {[%clk
0:43:06]} 30. Qd4+ {[%clk 0:30:40]} Kh6 {[%clk 0:41:27]} 31. Qd2+ {[%clk
0:27:40]} Kg7 {[%clk 0:41:03]} 32. Rd6 {[%clk 0:27:10]} Qe5 {[%clk 0:41:07]} 33.
f4 {[%clk 0:27:26]} Qc3 {[%clk 0:40:25]} 34. Qxc3+ {[%clk 0:27:51]} Rxc3 {[%clk
0:40:40]} 35. Rd7 {[%clk 0:27:55]} R8c7 {[%clk 0:39:22]} 36. Red1 {[%clk
0:28:19]} Rc2 {[%clk 0:33:49]} 37. a4 {[%clk 0:27:58]} Nc8 {[%clk 0:33:23]} 38.
a5 {[%clk 0:25:27]} Na7 {[%clk 0:31:52]} 39. e5 {[%clk 0:25:07]} Kf8 {[%clk
0:32:15]} 40. g4 {[%clk 0:20:12]} Ke8 {[%clk 0:32:16]} 41. Rd8+ {[%clk 0:20:37]}
Ke7 {[%clk 0:32:40]} 42. f5 {[%clk 0:20:19]} gxf5 {[%clk 0:32:53]} 43. gxf5
{[%clk 0:20:47]} Nc6 {[%clk 0:32:24]} 44. f6+ {[%clk 0:21:05]} Ke6 {[%clk
0:31:30]} 45. Re8+ {[%clk 0:21:30]} 1-0

[Event "CECLUB Segunda División"]
[Site "Linares"]
[Date "2017.08.09"]
[Round "2"]
[White "Fernandez Torre, Ivan"]
[Black "Laiz Ibanez, Hector"]
[Result "0-1"]
[Board "2"]
[WhiteElo "2152"]
[WhiteCountry "ESP"]
[WhiteFideId "2229528"]
[WhiteEloChange "-6"]
[BlackTitle "FM"]
[BlackElo "2284"]
[BlackCountry "ESP"]
[BlackFideId "2216710"]
[BlackEloChange "6"]

1. d4 {[%clk 1:30:57]} Nf6 {[%clk 1:30:32]} 2. c4 {[%clk 1:31:20]} e6 {[%clk
1:30:50]} 3. Nc3 {[%clk 1:31:25]} Bb4 {[%clk 1:30:39]} 4. e3 {[%clk 1:30:38]} O-O
{[%clk 1:30:48]} 5. Ne2 {[%clk 1:30:48]} d5 {[%clk 1:29:52]} 6. a3 {[%clk
1:30:53]} Be7 {[%clk 1:29:16]} 7. Ng3 {[%clk 1:28:58]} a6 {[%clk 1:22:20]} 8. Qc2
{[%clk 1:26:35]} Re8 {[%clk 1:19:23]} 9. cxd5 {[%clk 1:21:41]} exd5 {[%clk
1:19:41]} 10. Bd3 {[%clk 1:21:32]} b6 {[%clk 1:11:17]} 11. O-O {[%clk 1:17:40]}
Bb7 {[%clk 1:06:00]} 12. Bd2 {[%clk 1:09:53]} Nbd7 {[%clk 1:01:08]} 13. Nce2
{[%clk 1:01:51]} Rc8 {[%clk 0:53:35]} 14. Bf5 {[%clk 0:52:05]} g6 {[%clk
0:48:20]} 15. Bh3 {[%clk 0:52:00]} Bd6 {[%clk 0:45:32]} 16. f4 {[%clk 0:43:23]}
c5 {[%clk 0:39:44]} 17. Nc3 {[%clk 0:41:21]} Rc7 {[%clk 0:33:25]} 18. Qb3 {[%clk
0:37:50]} b5 {[%clk 0:30:34]} 19. Nce2 {[%clk 0:35:39]} Nb6 {[%clk 0:28:55]} 20.
Ba5 {[%clk 0:29:23]} Rce7 {[%clk 0:29:02]} 21. Rf3 {[%clk 0:29:09]} c4 {[%clk
0:22:45]} 22. Qc3 {[%clk 0:28:55]} Bc7 {[%clk 0:20:19]} 23. Bb4 {[%clk 0:29:08]}
Bd6 {[%clk 0:20:14]} 24. Ba5 {[%clk 0:29:36]} Qc7 {[%clk 0:19:25]} 25. Qc1 {[%clk
0:23:53]} Qc6 {[%clk 0:19:26]} 26. Nc3 {[%clk 0:23:08]} Nc8 {[%clk 0:15:27]} 27.
f5 {[%clk 0:18:44]} g5 {[%clk 0:14:39]} 28. e4 {[%clk 0:18:43]} Bf4 {[%clk
0:14:40]} 29. Rxf4 {[%clk 0:18:14]} gxf4 {[%clk 0:15:04]} 30. Qxf4 {[%clk
0:16:12]} dxe4 {[%clk 0:15:20]} 31. Qg5+ {[%clk 0:14:46]} Kh8 {[%clk 0:15:33]}
32. d5 {[%clk 0:15:03]} Qd6 {[%clk 0:11:47]} 33. Bb4 {[%clk 0:06:19]} Qb6+ {[%clk
0:08:00]} 34. Kf1 {[%clk 0:05:11]} Re5 {[%clk 0:07:51]} 35. d6 {[%clk 0:03:54]}
Nd7 {[%clk 0:08:01]} 36. Ncxe4 {[%clk 0:02:55]} Bxe4 {[%clk 0:07:47]} 37. Nxe4
{[%clk 0:03:23]} Rxe4 {[%clk 0:06:48]} 38. Bc3+ {[%clk 0:03:38]} R4e5 {[%clk
0:05:48]} 39. Rd1 {[%clk 0:01:07]} f6 {[%clk 0:05:47]} 40. Bxe5 {[%clk 0:01:18]}
Rxe5 {[%clk 0:06:09]} 41. Qh5 {[%clk 0:00:46]} Qe3 {[%clk 0:06:06]} 42. g3 {[%clk
0:00:50]} Nxd6 {[%clk 0:04:39]} 43. Rxd6 {[%clk 0:00:43]} Qe1+ {[%clk 0:05:01]}
44. Kg2 {[%clk 0:01:12]} Re2+ {[%clk 0:05:22]} 45. Kf3 {[%clk 0:01:40]} Qf2+
{[%clk 0:05:44]} 0-1

[Event "CECLUB Segunda División"]
[Site "Linares"]
[Date "2017.08.09"]
[Round "2"]
[White "Abal Cores, Lucas"]
[Black "Ortiz Fernandez-Vega, Alejandro"]
[Result "1-0"]
[Board "3"]
[WhiteTitle "FM"]
[WhiteElo "2285"]
[WhiteCountry "ESP"]
[WhiteFideId "22217975"]
[WhiteEloChange "7"]
[BlackElo "2173"]
[BlackCountry "ESP"]
[BlackFideId "2226146"]
[BlackEloChange "-7"]

1. e4 {[%clk 1:30:56]} c5 {[%clk 1:26:21]} 2. Nf3 {[%clk 1:31:01]} d6 {[%clk
1:26:42]} 3. c3 {[%clk 1:31:12]} Nf6 {[%clk 1:25:42]} 4. Be2 {[%clk 1:31:02]} Nc6
{[%clk 1:25:39]} 5. d4 {[%clk 1:30:51]} cxd4 {[%clk 1:19:37]} 6. cxd4 {[%clk
1:31:11]} Nxe4 {[%clk 1:14:38]} 7. d5 {[%clk 1:31:38]} Qa5+ {[%clk 1:14:55]} 8.
Nc3 {[%clk 1:32:07]} Nxc3 {[%clk 1:14:54]} 9. bxc3 {[%clk 1:32:36]} Nb8 {[%clk
1:11:13]} 10. O-O {[%clk 1:29:59]} Nd7 {[%clk 1:10:46]} 11. Rb1 {[%clk 1:29:15]}
Qc7 {[%clk 0:59:27]} 12. Re1 {[%clk 1:23:43]} Nf6 {[%clk 0:50:51]} 13. Qd4 {[%clk
1:06:51]} h6 {[%clk 0:45:40]} 14. Bb5+ {[%clk 0:54:00]} Bd7 {[%clk 0:45:42]} 15.
c4 {[%clk 0:53:41]} Kd8 {[%clk 0:22:37]} 16. Ba3 {[%clk 0:47:12]} Bf5 {[%clk
0:17:11]} 17. c5 {[%clk 0:28:43]} dxc5 {[%clk 0:16:40]} 18. Bxc5 {[%clk 0:29:04]}
b6 {[%clk 0:16:57]} 19. d6 {[%clk 0:24:38]} exd6 {[%clk 0:16:23]} 20. Qxf6+
{[%clk 0:24:59]} gxf6 {[%clk 0:16:50]} 21. Re8# {[%clk 0:24:59]} 1-0

[Event "CECLUB Segunda División"]
[Site "Linares"]
[Date "2017.08.09"]
[Round "2"]
[White "Iglesias Leon, Francisco J."]
[Black "Cruz Alvarez de Ron, Dan"]
[Result "1/2-1/2"]
[Board "4"]
[WhiteElo "2172"]
[WhiteCountry "ESP"]
[WhiteFideId "2212544"]
[WhiteEloChange "-1"]
[BlackTitle "FM"]
[BlackElo "2139"]
[BlackCountry "ESP"]
[BlackFideId "2208512"]
[BlackEloChange "1"]

1. Nf3 {[%clk 1:30:56]} g6 {[%clk 1:29:43]} 2. b3 {[%clk 1:31:16]} Bg7 {[%clk
1:29:57]} 3. d4 {[%clk 1:31:43]} c5 {[%clk 1:28:32]} 4. Bb2 {[%clk 1:32:06]} Nc6
{[%clk 1:28:19]} 5. e3 {[%clk 1:31:31]} Nh6 {[%clk 1:25:06]} 6. Qc1 {[%clk
1:19:18]} cxd4 {[%clk 1:22:38]} 7. Nxd4 {[%clk 1:19:18]} Nxd4 {[%clk 1:22:26]} 8.
Bxd4 {[%clk 1:19:39]} Bxd4 {[%clk 1:22:49]} 9. exd4 {[%clk 1:20:00]} Nf5 {[%clk
1:20:33]} 10. c3 {[%clk 1:19:31]} d6 {[%clk 1:16:10]} 11. Bd3 {[%clk 1:16:53]}
O-O {[%clk 1:11:08]} 12. O-O {[%clk 1:15:25]} Bd7 {[%clk 1:07:54]} 13. Qd2 {[%clk
0:46:23]} Rc8 {[%clk 0:59:58]} 14. Be4 {[%clk 0:44:07]} b5 {[%clk 0:57:40]} 15.
Re1 {[%clk 0:42:56]} Qc7 {[%clk 0:49:29]} 16. a4 {[%clk 0:37:09]} bxa4 {[%clk
0:48:23]} 17. Bxf5 {[%clk 0:34:47]} Bxf5 {[%clk 0:48:44]} 18. Rxa4 {[%clk
0:35:11]} Bxb1 {[%clk 0:48:39]} 19. Rxb1 {[%clk 0:35:39]} Qxc3 {[%clk 0:48:49]}
20. Qxc3 {[%clk 0:36:07]} Rxc3 {[%clk 0:49:14]} 21. Rxa7 {[%clk 0:36:27]} Rb8
{[%clk 0:45:37]} 22. h4 {[%clk 0:28:16]} Rcxb3 {[%clk 0:38:48]} 23. Rxb3 {[%clk
0:28:03]} Rxb3 {[%clk 0:39:13]} 24. Rxe7 {[%clk 0:27:55]} Rb1+ {[%clk 0:31:49]}
25. Kh2 {[%clk 0:28:16]} Rd1 {[%clk 0:32:16]} 26. g4 {[%clk 0:26:55]} Rxd4 {[%clk
0:32:25]} 27. Kg3 {[%clk 0:27:22]} Kf8 {[%clk 0:29:26]} 28. Ra7 {[%clk 0:27:37]}
h6 {[%clk 0:28:24]} 29. Ra8+ {[%clk 0:23:21]} Kg7 {[%clk 0:28:30]} 30. g5 {[%clk
0:23:11]} Rd3+ {[%clk 0:26:45]} 31. f3 {[%clk 0:23:18]} Rd1 {[%clk 0:25:42]} 32.
Kf4 {[%clk 0:20:46]} d5 {[%clk 0:22:36]} 33. Rd8 {[%clk 0:19:49]} d4 {[%clk
0:22:38]} 34. Rd7 {[%clk 0:17:12]} h5 {[%clk 0:22:29]} 35. Rd8 {[%clk 0:17:28]}
Rd2 {[%clk 0:19:28]} 36. Kg3 {[%clk 0:16:58]} d3 {[%clk 0:16:58]} 37. Kh3 {[%clk
0:16:42]} Rd1 {[%clk 0:17:05]} 38. Kh2 {[%clk 0:15:50]} d2 {[%clk 0:17:18]} 39.
Kg2 {[%clk 0:16:13]} Kh7 {[%clk 0:16:44]} 40. Rd7 {[%clk 0:16:01]} Kg8 {[%clk
0:17:02]} 41. Rd8+ {[%clk 0:16:09]} Kg7 {[%clk 0:17:24]} 42. Kh2 {[%clk 0:16:22]}
Rf1 {[%clk 0:11:09]} 43. Rxd2 {[%clk 0:16:30]} Rxf3 {[%clk 0:11:34]} 44. Rd8
{[%clk 0:16:39]} Re3 {[%clk 0:11:43]} 45. Kg2 {[%clk 0:16:51]} Re7 {[%clk
0:11:20]} 46. Kg3 {[%clk 0:14:54]} Re3+ {[%clk 0:11:02]} 47. Kg2 {[%clk 0:15:11]}
Re7 {[%clk 0:11:23]} 48. Kg3 {[%clk 0:14:36]} f6 {[%clk 0:11:01]} 49. gxf6+
{[%clk 0:14:32]} Kxf6 {[%clk 0:11:25]} 50. Rf8+ {[%clk 0:14:25]} Kg7 {[%clk
0:11:01]} 51. Rf4 {[%clk 0:14:13]} Re3+ {[%clk 0:11:19]} 52. Kg2 {[%clk 0:14:36]}
Re6 {[%clk 0:11:19]} 53. Kg3 {[%clk 0:14:56]} Re3+ {[%clk 0:11:19]} 1/2-1/2